| 000 | 00668nam a2200265Ia 4500 | ||
|---|---|---|---|
| 003 | OSt | ||
| 005 | 20221006144613.0 | ||
| 006 | a|||||r|||| 00| 0 | ||
| 007 | ta | ||
| 008 | 221006b |||||||| |||| 00| 0 eng d | ||
| 020 | _c194.00 | ||
| 024 | _a12,087 | ||
| 037 | _cTextual | ||
| 040 |
_aEASL _cEASL _beng |
||
| 041 |
_2eng _aeng |
||
| 082 | _aV4:19(zM).N72, L6 | ||
| 100 |
_aALLEN Louis _9652380 |
||
| 245 | 0 | _aEnd of the war in Asia | |
| 260 |
_aLondon _bHart Davis Macgibbon _c1976 |
||
| 300 |
_a306p. _ccm. |
||
| 490 | _v Gen | ||
| 650 | _aGen | ||
| 942 |
_hV4:19(zM).N72, L6 _cTEXL _2CC |
||
| 999 |
_c1080173 _d1080173 |
||